Tous les départements ayant un Labastide - Statistiques

Statistiques générales
  • Ce quiz a été pris 27 fois
  • Le résultat moyen est 16 sur 18
Statistiques - réponses
Commune Département % Correct
La Bastide Pyrénées-Orientales
96%
Labastide-Beauvoir Haute-Garonne
92%
Labastide Hautes-Pyrénées
92%
Labastide-du-Haut-Mont Lot
92%
Labastide-Castel-Amouroux Lot-et-Garonne
92%
Labastide-Cézéracq Pyrénées-Atlantiques
92%
Labastide-de-Lévis Tarn
92%
Labastide-de-Penne Tarn-et-Garonne
92%
La Bastide-de-Besplas Ariège
88%
La Bastide-Pradines Aveyron
88%
Labastide-d'Engras Gard
88%
Labastide-Chalosse Landes
88%
Labastide-d'Anjou Aude
85%
Esclassan-Labastide Gers
85%
La Bastide-Puylaurent Lozère
85%
La Bastide Var
85%
La Bastide-des-Jourdans Vaucluse
85%
Labastide-de-Virac Ardèche
77%
Aucun quiz correspondant
Distribution des résultats
% des personnes avec chaque résultat
Percentile par nombre de réponses
Votre historique - résultats
Vous n’avez pas pris ce quiz